|
|
|
|
| LEADER |
02493nam a2200625 i 4500 |
| 001 |
nkc20162844065 |
| 003 |
CZ PrNK |
| 005 |
20240425102152.0 |
| 007 |
ta |
| 008 |
161110s2016 xr e 001 0 cze |
| 015 |
|
|
|a cnb002844065
|
| 020 |
|
|
|a 978-80-7007-453-4
|q (brožováno)
|
| 035 |
|
|
|a (OCoLC)965748543
|
| 040 |
|
|
|a ABA001
|b cze
|e rda
|
| 041 |
1 |
|
|a cze
|h eng
|
| 072 |
|
7 |
|a 32
|x Politika
|2 Konspekt
|9 15
|
| 080 |
|
|
|a 32:1
|2 MRF
|
| 080 |
|
|
|a 321.74
|2 MRF
|
| 080 |
|
|
|a 316.323.7
|2 MRF
|
| 080 |
|
|
|a 101
|2 MRF
|
| 080 |
|
|
|a 316.323.6
|2 MRF
|
| 080 |
|
|
|a 330.342.14
|2 MRF
|
| 080 |
|
|
|a (0:82-4)
|2 MRF
|
| 100 |
1 |
|
|a Tamás, Gáspár Miklós,
|d 1948-2023
|7 jo2010532155
|4 aut
|
| 245 |
1 |
0 |
|a K filosofii socialismu /
|c G.M. Tamás ; z anglických originálů Marx on 1989, A capitalism pure and simple, Truth and class revisited, Rudiments for a political philosophy of socialism, Communism on the ruins of socialism a Une promesse de bonheur přeložil Pavel Siostrzonek
|
| 250 |
|
|
|a V tomto uspořádání vydání první
|
| 264 |
|
1 |
|a Praha :
|b Filosofia,
|c 2016
|
| 300 |
|
|
|a 238 stran ;
|c 21 cm
|
| 336 |
|
|
|a text
|b txt
|2 rdacontent
|
| 337 |
|
|
|a bez média
|b n
|2 rdamedia
|
| 338 |
|
|
|a svazek
|b nc
|2 rdacarrier
|
| 490 |
1 |
|
|a Emancipace a kritika ;
|v svazek I
|
| 504 |
|
|
|a Obsahuje bibliografii, bibliografické odkazy a rejstřík
|
| 650 |
0 |
7 |
|a politická filozofie
|7 ph115786
|2 czenas
|
| 650 |
0 |
7 |
|a socialismus
|7 ph125740
|x filozofické pojetí
|2 czenas
|
| 650 |
0 |
7 |
|a kapitalismus
|7 ph121442
|x filozofické pojetí
|2 czenas
|
| 650 |
0 |
9 |
|a political philosophy
|2 eczenas
|
| 650 |
0 |
9 |
|a socialism
|x philosophical approach
|2 eczenas
|
| 650 |
0 |
9 |
|a capitalism
|x philosophical approach
|2 eczenas
|
| 655 |
|
7 |
|a eseje
|7 fd132213
|2 czenas
|
| 655 |
|
9 |
|a essays
|2 eczenas
|
| 700 |
1 |
|
|a Siostrzonek, Pavel
|7 hka2017937542
|4 trl
|
| 765 |
1 |
|
|t Marx on 1989
|9 Česky
|
| 765 |
1 |
|
|t Capitalism pure and simple
|9 Česky
|
| 765 |
1 |
|
|t Truth and class revisited
|9 Česky
|
| 765 |
1 |
|
|t Rudiments for a political philosophy of socialism
|9 Česky
|
| 765 |
1 |
|
|t Communism on the ruins of socialism
|9 Česky
|
| 765 |
1 |
|
|t Promesse de bonheur
|9 Česky
|
| 830 |
|
0 |
|a Emancipace a kritika
|0 s
|
| 910 |
2 |
|
|a BOA001
|b 2-1374.748
|
| 990 |
|
|
|a BK
|
| 995 |
|
|
|a 01
|
| 991 |
|
|
|b 201611
|c NOV
|
| 996 |
6 |
|
|b 2610687534
|c 2-1374.748
|l MZK
|r Sklad / do 1 hodiny
|n 1
|p p.v.
|w 001586500
|u 000010
|a 1
|e BOA001
|j MZK50
|s P
|
| 996 |
7 |
|
|b 2610689962
|c 2-1374.748
|l MZK
|r Sklad / do 1 hodiny
|n 2
|p kup
|w 001586500
|u 000020
|a 1
|e BOA001
|j MZK50
|s A
|